01005nam a2200265 i 4500001001000000003000900010005001700019007000300036008004100039040003000080082002300110100003700133245012400170264005500294300004500349336002700394337003300421338002800454490004400482505003500526650006300561650004000624650002500664650005000689000027347DO-SdBNP20250131131848.0ta110331e1980 dr a r 000 e spa d aDO-SdBNPbspacBNPHUerda 4a363.123bS235e2221 aSantiago, Pedro J.,eautor4aut.10aEstudios sobre comercio marítimo, naufragios y rescates submarinos en la República Dominicana /cPedro J. Santiago. 1aSanto Domingo :bMuseo de las Casas Reales,c1980. a128 páginas :bIlustraciones ;c20 cm. atextobtxt2rdacontent asin mediaciónbn2rdamedia avolumenbnc2rdacarrier aColección Monografías y ensayos v1 aBibliografía : página 123  4aCompañías de navegaciónxHistoriayColonia 1503-1844 4aOperaciones de búsqueda y rescate 4aNaufragiosxHistoria 4aContrabandozRepública DominicanaxHistoria